Länder mit Z - 1 Minute Sprint - Statistiken

Allgemein
  • Dieses Quiz wurde 188 mal gespielt
  • Das Durchschnittsergebnis liegt bei 3 aus 7
Antwortstatistiken
Country % Korrekt
Zypern
90%
Zentralafrikanische Republik
75%
Bosnien und Herzegowina
37%
Venezuela
34%
Mazedonien
30%
Schweiz
29%
Belize
28%
Keine übereinstimmenden Quizze gefunden
Verteilung der Resultate
Anzahl Personen mit jedem Resultat
Perzentil nach korrekt beantworteten Fragen
Ihre Resultats-Entwicklung
Sie haben dieses Quiz noch nicht gespielt